00642 a2200205 4500001000700000003000400007005001700011008004100028082001900069100002200088245007900110250001200189260003400201300001000235653002600245700002500271942001200296999001500308952011300323068196OSt20220128123458.0  a658.1511bK14A1 aKaplan, Robert J.1 aAdvance management accountingcby Robert J. Kaplan and Anthony A. Atkinson a3rd ed. aNew DelhibPHI Learningc1998 a798p. aManagerial accounting aAtkinson, Anthony A. 2ddccBK c1936d1936 00102ddc40708TXBaCURAJbCURAJd2012-03-07eMGMg395.00o658.1511 K14Ap2483r2024-11-21w2020-09-02yBK